[Event "VCN SchaakFestival"]
[Site "Soest"]
[Date "1999.05.16"]
[Round "6"]
[White "Esmaeel, Barzan"]
[Black "Kuijper, Hans"]
[Result "0-1"]
[WhiteElo "1700"]
[BlackElo "1634"]
[PlyCount "91"]
[EventDate "1999.05.14"]
[EventType "swiss"]
[EventRounds "7"]
[EventCountry "NED"]
[SourceTitle "EXT 2000"]
[Source "ChessBase"]
[SourceDate "1999.11.16"]
[SourceVersion "1"]
[SourceVersionDate "1999.11.16"]
[SourceQuality "1"]

1. d4 d5 2. c4 c6 3. Nc3 Nf6 4. Nf3 e6 5. Bg5 Nbd7 6. e3 Bb4 7. Be2 Qa5 8. Qc2 Ne4 9. 0-0 Bxc3 10. bxc3 Nxg5 11. Nxg5 dxc4 12. Bxc4 Qxg5 13. f4 Qe7 14. Qf2 Nf6 15. Bd3 0-0 16. e4 Re8 17. c4 b6 18. e5 Nd7 19. Qg3 Bb7 20. Qh3 g6 21. Be4 Rac8 22. g4 Ba8 23. f5 exf5 24. gxf5 Nxe5 25. f6 Qf8 26. dxe5 Rxe5 27. Rf4 Rh5 28. Qg3 Qh6 29. Raf1 c5 30. Bxa8 Rxa8 31. R1f2 Re8 32. Kh1 Rg5 33. Qd3 Rge5 34. R4f3 Re1+ 35. Rf1 Qh4 36. Kg1 Qg4+ 37. Kh1 Rxf1+ 38. Rxf1 Qe4+ 39. Qxe4 Rxe4 40. Rd1 h5 41. Rd8+ Kh7 42. Rd7 Re1+ 43. Kg2 Re2+ 44. Kf3 Rxa2 45. Rxf7+ Kh6 46. h4 0-1

[Event "VCN SchaakFestival"]
[Site "Soest"]
[Date "1999.05.14"]
[Round "1"]
[White "Esmaeel, Barzan"]
[Black "Erwich, Marc"]
[Result "0-1"]
[WhiteElo "1700"]
[BlackElo "2118"]
[PlyCount "40"]
[EventDate "1999.05.14"]
[EventType "swiss"]
[EventRounds "7"]
[EventCountry "NED"]
[SourceTitle "EXT 2000"]
[Source "ChessBase"]
[SourceDate "1999.11.16"]
[SourceVersion "1"]
[SourceVersionDate "1999.11.16"]
[SourceQuality "1"]

1. d4 Nf6 2. c4 c5 3. Nf3 g6 4. Nc3 Bg7 5. Bg5 cxd4 6. Nxd4 0-0 7. Qd2 Nc6 8. Nf3 d6 9. Bh6 Be6 10. Bxg7 Kxg7 11. e3 Rc8 12. Nd5 Ne4 13. Qd3 Qa5+ 14. Nd2 Bxd5 15. cxd5 Nb4 16. Qd4+ Kg8 17. Nc4 Rxc4 18. Qxc4 Nc2+ 19. Ke2 Qd2+ 20. Kf3 Qxf2+ 0-1